000 00448nam a2200181Ia 4500
001 4132
003 IN-NITTTR
005 20251114232956.0
008 251113s9999||||xx |||||||||||||| ||eng||
040 _beng
040 _cIN-NITTTR
041 _aeng
082 _a658.99 D745C
100 _aDouglas, Clarence J.
245 0 _aConstruction management /
_cDouglas, Clarence J., Munger, Elmer L.
700 _a Munger, Elmer L.
942 _2ddc
_cBK
999 _c6684
_d6684